ბათუმის შოთა რუსთაველის სახელმწიფო უნივერსიტეტის ბიბლიოთეკა

საქართველოს სამოქალაქო საპროცესო სამართალი. (ბიბ.ჩანაწერი № 43849)

000 -LEADER
fixed length control field 00935nam a2200241Ia 4500
001 - CONTROL NUMBER
control field 10597
003 - CONTROL NUMBER IDENTIFIER
control field GE_BSU
008 - FIXED-LENGTH DATA ELEMENTS--GENERAL INFORMATION
fixed length control field 181216s||||||||xx |||||||||||||| ||und||
020 ## - INTERNATIONAL STANDARD BOOK NUMBER
International Standard Book Number 9789941104787
040 ## - CATALOGING SOURCE
Transcribing agency GE_BSU
080 ## - UNIVERSAL DECIMAL CLASSIFICATION NUMBER
Universal Decimal Classification number 347.9(479.22)
100 ## - MAIN ENTRY--PERSONAL NAME
Personal name ქურდაძე,შალვა; ხუნაშვილი,ნინო.
245 ## - TITLE STATEMENT
Title საქართველოს სამოქალაქო საპროცესო სამართალი.
245 ## - TITLE STATEMENT
Statement of responsibility, etc. რედ:რომან შენგელია.
260 ## - PUBLICATION, DISTRIBUTION, ETC.
Place of publication, distribution, etc. თბილისი.
260 ## - PUBLICATION, DISTRIBUTION, ETC.
Name of publisher, distributor, etc. მერიდიანი.
260 ## - PUBLICATION, DISTRIBUTION, ETC.
Date of publication, distribution, etc. 2012.
300 ## - PHYSICAL DESCRIPTION
Extent 756გვ;25სმ.
300 ## - PHYSICAL DESCRIPTION
Dimensions ბიბლიოგრ. ტექსტ. შენიშვნ.
653 ## - INDEX TERM--UNCONTROLLED
Uncontrolled term საქართველოს სამოქალაქო საპროცესო სამართალი.
942 ## - ADDED ENTRY ELEMENTS (KOHA)
Koha item type წიგნი
ეგზემპლარები
Withdrawn status Lost status Damaged status Not for loan Date acquired Barcode Date last seen Price effective from Koha item type
        2018-12-17 34457 2018-12-17 2018-12-17 წიგნი
        2018-12-17 34458 2018-12-17 2018-12-17 წიგნი
        2018-12-17 34459 2018-12-17 2018-12-17 წიგნი